| 000 | 01379cam a2200265 4500500 | ||
|---|---|---|---|
| 005 | 20251228071258.0 | ||
| 041 | _afre | ||
| 042 | _adc | ||
| 100 | 1 | 0 |
_aJung, Christian _eauthor |
| 245 | 0 | 0 | _aTravail social et racisme ou quelle lutte contre quelles inégalités sociales ? |
| 260 | _c2003. | ||
| 500 | _a56 | ||
| 520 | _aDes pratiques sociales, des politiques sociales, contribuent non intentionnellement au développement de l’idéologie et de l’agir de l’extrême droite. Deux axes de réflexion sous-tendent ce questionnement : le développement du particularisme et la dévalorisation du politique. | ||
| 520 | _aCHRISTIAN JUNG. To analyse racism, we have to concentrate on the interconnections between different "factors": the development of the human sciences and of anthropology, the function of the imagination and of the psychological factors, socio-economic inequality, the racist imagination, the exclusion of some communities. | ||
| 690 | _aé politique | ||
| 690 | _aeffet pervers | ||
| 690 | _aparticularisme | ||
| 690 | _auniversalisme | ||
| 690 | _acultural diversity | ||
| 690 | _aimagination | ||
| 690 | _ainequality | ||
| 690 | _anationalism | ||
| 786 | 0 | _nPensée plurielle | 5 | 1 | 2003-03-01 | p. 89-104 | 1376-0963 | |
| 856 | 4 | 1 | _uhttps://shs.cairn.info/revue-pensee-plurielle-2003-1-page-89?lang=fr&redirect-ssocas=7080 |
| 999 |
_c1593503 _d1593503 |
||